Responses for Show #5725 - Friday, June 26, 2009

Contestants

[<< previous game]

Bryan Porter, a prosecutor from Alexandria, Virginia

Tui Sutherland, a children's book author from Watertown, Massachusetts

Emily Heaney, a freelance costume designer from White Bear Lake, Minnesota (whose 1-day cash winnings total $2,200)

[next game >>]

Jeopardy! Round responses

IT'S ASTRONOMICAL!
ANIMAL WORDS
STATE UNIVERSITY ALUMNI
HISTORICAL HOME SHOPPING
FROM THE BRITISH MONARCHY'S WEBSITE
ROYAL MOVIES?
    $200 29
a galaxy

Bryan
    $200 6
stag

Tui :)
    $200 19
the University of Michigan

Emily
    $200 23
the Declaration of Independence

Tui :)
    $200 12
the bagpipe

Tui :)
    $200 1
The Princess Bride

Tui :)
    $400 30
Taurus

Bryan
    $400 7
a monkey

Emily
    $400 20
the University of Nebraska

Bryan
    $400 24
(Robert E.) Lee

Tui :)
    $400 13
(Emily: What is "God save our queen"?)

God save the Queen

EmilyTui :)
    $400 2
Drama Queen

Emily
    $600 9
a supernova

Bryan
    $600 8
a bat

Bryan
    $600 10
the University of North Carolina

Bryan
    $600 25
(Alex: Bid now!)

Waterloo

Emily
    $600 11
Changing of the Guard

Tui :)
    $600 3
The Fisher King

Emily
    $800 16
the corona

Bryan
    $800 28
carp

Tui :)
    $800 27
[Emily smiles at getting this clue right.]

the University of Minnesota

Emily
    $800 26
(Bryan: Who is the Dalai Lama?)
(Emily: Who is Pope Benedict XVI?)
(Alex: No... Who is [*] of Japan? Jan. 1, 1946 following World War II.)

Emperor Hirohito

EmilyBryan
Triple Stumper
    $1,400 14
(Alex: [*], yes indeed, Prince Charles. It makes sense, doesn't it? The British Royal Family. [*].)

the Prince of Wales

Tui :)
    $800 4
The Last King of Scotland

Tui :)
    $1000 17
Tycho

Bryan
    $1000 21
(Emily: What is a shrew?)
(Bryan: What is a harpy?)

a vixen

EmilyBryan
Triple Stumper
    $1000 18
the University of Kansas

Emily
    $1000 22
Stonehenge

Tui :)
    $1000 15
Ma'am

Bryan
    $1000 5
Prince of Thieves

Tui :)

Scores at the first commercial break (after clue 15):

Emily Tui :) Bryan
$1,000 $4,800 $2,800

Scores at the end of the Jeopardy! Round:

Emily Tui :) Bryan
$1,800 $7,200 $3,800

Double Jeopardy! Round responses

MY BOLOGNA
I LOST ON JEOPARDY!
LIKE A SURGEON
WHITE & NERDY
EAT IT
WEIRD "AL"
(Alex: And we all know who "Weird Al" is. Each correct response in that last category will begin with the letters "A-L".)
    $400 16
(Tui: What is lira?)
(Bryan: What is the E.U.--[*]?)

the euro

Tui :)Bryan
    $400 25
[Alex reads "ToC" in the clue as "Tournament of Champions".]
(Bryan: Who is [*]?)
(Alex: Yes.)
(Bryan: Who I'm not doing as well as.)

Ken Jennings

Bryan
    $400 27
barbers

Bryan
    $400 29
a pocket protector

Tui :)
    $400 8
a pudding

Tui :)
    $400 1
an allergy

Bryan
    $800 18
a pope

Tui :)
    $800 26
Charles Barkley

Tui :)
    $800 28
heart surgery

Emily
    $800 30
YouTube

Tui :)
    $800 9
granola

Tui :)
    $800 3
an alligator

Tui :)
    $1200 19
(Bryan: What are the Alps?)
(Emily: What are the Pyrenees?)

the Apennines

EmilyBryan
Triple Stumper
    $1200 11
The Daily Show

Bryan
    $1200 12
plastic surgery

Emily
    $1200 2
a Segway

Tui :)
    $1200 10
ham

Bryan
    $1200 4
an alchemist

Bryan
    $1,000 20
(Tui: Who is Garibaldi?)
(Alex: No, Garibaldi was--)
(Tui: Yeah--totally different.)
(Alex: --not an inventor but [*] was.)

Guglielmo Marconi

Tui :)
    $1600 17
the Mayflower

Tui :)
    $1600 13
anesthesia

Tui :)
    $1600 5
the tuba

Tui :)
    $1600 14
Arby's

Emily
    $3,000 6
the alpaca

Tui :)
    $2000 21
the Etruscans

Bryan
    $2000 22
Trebekistan

Bryan
    $2000 23
(Bryan: What is "kerotomy"?)
(Alex: Yes. Nope, nope, sorry.)
...
(Alex: You left out one symbol--you said "kerotomy" instead of [*].)

keratotomy

Bryan
Triple Stumper
    $2000 24
ergonomic

Tui :)
    $2000 15
orzo

Tui :)
    $2000 7
an allegation

Emily

Scores at the end of the Double Jeopardy! Round:

Emily Tui :) Bryan
$6,200 $23,600 $9,800
(lock game)

[wagering suggestions for these scores]

Final Jeopardy! Round responses

19th CENTURY AMERICAN LITERATURE
EmilyWhat is The Scarlet Letter?
$0
BryanWhat are 3 people who haven't been in my kit
$2,601
Tui :)What is the Scarlet Letter?
$0
The Scarlet Letter

Final scores:

Emily Tui :) Bryan
$6,200 $23,600 $7,199
3rd place: $1,000 New champion: $23,600 2nd place: $2,000

Game dynamics:

Coryat scores:

Emily Tui :) Bryan
$6,200 $22,600 $9,800
11 R,
4 W
26 R
(including 2 DDs),
2 W
(including 1 DD)
18 R,
4 W

Combined Coryat: $38,600

[game clues] [game scores] [suggest correction]

Game tape date: 2009-03-18
The J! Archive is created by fans, for fans. Scraping, republication, monetization, and malicious use prohibited; this site may use cookies and collect identifying information. See terms. The Jeopardy! game show and all elements thereof, including but not limited to copyright and trademark thereto, are the property of Jeopardy Productions, Inc. and are protected under law. This website is not affiliated with, sponsored by, or operated by Jeopardy Productions, Inc. Join the discussion at JBoard.tv.